Von lateinamerikanischen Gemeinden lernen

Guardat en:
Dades bibliogràfiques
Autors principals: Sayer, Josef (Autor), Biesinger, Albert (Autor)
Format: Llibre
Idioma:alemany
Publicat: Múnich Kösel 1988
Edició:1a. ed
Matèries:
Etiquetes: Afegir etiqueta
Sense etiquetes, Sigues el primer a etiquetar aquest registre!

MARC

LEADER 00000cam a2200000 a 4500
001 UCE9087
003 CL-VaPUC
008 150928e19880000gw |||||||||||||||||ger|d
020 |a 3466363047 
082 0 4 |a 261.72  |b SAY  |2 21 
100 0 |a Sayer, Josef  |e author  |9 581780 
700 0 |a Biesinger, Albert  |e author  |9 581781 
245 1 0 |a Von lateinamerikanischen Gemeinden lernen 
250 |a 1a. ed 
300 |a 98 p 
942 |c BK 
945 |d 20150928 14:02:00  |a arojas 
260 |a Múnich  |b Kösel  |c 1988 
650 0 |a Liberalismo  |9 255715 
650 0 |a Teología   |9 258766 
650 7 |a LIBERTAD RELIGIOSA  |2 CL-VaPUC  |9 581782 
651 0 |a América Latina   |9 255027 
583 |a last modification  |c 20150928 14:02:00  |k Rodrigo Vera 
999 |c 360795  |d 360793 
952 |0 0  |1 0  |3 erb  |4 0  |6 261_720000000000000_SAY_1988  |7 0  |8 A  |9 470760  |a BIBTEO  |b BIBTEO  |e Rehbein Pesce, Antonio, -2014  |i 5180929  |o 261.72 SAY 1988  |p 5180929  |r 2025-01-17  |w 2019-11-23  |y BK  |z Catalogado en:20150928  |k ICR